00889nam a2200229 a 4500001001000000003000900010005001700019007000300036008004100039020001500080040002500095082002100120100002500141245020100166260003800367300003700405500007000442504003200512650003600544650003000580651004900610000015091DO-SdBNP20250130190743.0ta100201s2004 dr ac r 000 0 spa d a9993497436 aDO-SdBNPbspacBNPHU 4a339.46bE56r2221 aEncarnación, Pedro13aLa revolución de la pobreza :bel uso de la pobreza como chantaje político, la quiebra del Banco de los Trabajadores y del Cooperativismo Nacional, Peculado vs. pobreza /cPedro Encarnación. aSanto Domingo :bManatí,c2004. a270 p. :bil. ; retrs. ;c22 cm. aIncluye datos biográficos del autor en la solapa de la cubierta aBibliografía : p. 267-270 4aPobrezazRepública Dominicana 4aPobrezazAmérica Latina 4aRepública DominicanaxCondiciones sociales